[Event "Reykjavik Open 2026"]
[Site "Reykjavik ISL"]
[Date "2026.03.31"]
[Round "9.19"]
[White "Tsolakidou, Stavroula"]
[Black "Thorfinnsson, Bjorn"]
[Result "1/2-1/2"]
[WhiteTitle "IM"]
[BlackTitle "IM"]
[WhiteElo "2479"]
[BlackElo "2335"]
[WhiteFideId "4264312"]
[BlackFideId "2300982"]
[EventDate "2026.03.25"]

1. e4 e5 2. Nf3 Nc6 3. Bb5 Nf6 4. d3 Bc5 5. c3 O-O 6. O-O Re8 7. Bg5 h6 8. Bh4
Be7 9. Nbd2 d6 10. Bg3 Bd7 11. h3 Na5 12. Bxd7 Qxd7 13. Re1 Bf8 14. d4 Rad8 15.
Bh4 g5 16. Bg3 exd4 17. Nxd4 Nc6 18. Qf3 Nxd4 19. cxd4 Bg7 20. Rac1 c6 21. Nf1
Qe6 22. e5 dxe5 23. Bxe5 Qd5 24. Qa3 Qb5 25. Ng3 Bf8 26. Qf3 Nd7 27. Bc7 Rc8 28.
Rxe8 Rxe8 29. b3 Rc8 30. Be5 Nxe5 31. dxe5 Qxe5 32. Rd1 Qe6 33. Nh5 Bg7 34. Nxg7
Kxg7 35. Qc3+ Kg8 36. Qd4 c5 37. Qd7 Qxd7 38. Rxd7 b5 39. Rxa7 Rd8 40. Rc7 Rd1+
41. Kh2 Rc1 42. a4 1/2-1/2

[Event "Reykjavik Open 2026"]
[Site "Reykjavik ISL"]
[Date "2026.03.31"]
[Round "9.20"]
[White "Tamas, Christian-Arrydan"]
[Black "Agmanov, Zhandos"]
[Result "1/2-1/2"]
[WhiteTitle "FM"]
[BlackTitle "IM"]
[WhiteElo "2287"]
[BlackElo "2463"]
[WhiteFideId "1283740"]
[BlackFideId "13708309"]
[EventDate "2026.03.25"]

1. d4 Nf6 2. c4 e6 3. Nf3 d5 4. Nc3 c6 5. e3 Nbd7 6. Be2 Bd6 7. O-O O-O 8. b3 b6
9. Bb2 Bb7 10. Bd3 Rc8 11. Rc1 Re8 12. Re1 c5 13. cxd5 exd5 14. Ne2 Rc7 15. Ng3
g6 16. Rc2 h5 17. Qa1 Ne4 18. Ne5 Qe7 19. Nxd7 Qxd7 20. dxc5 Nxc5 21. Qd1 Nxd3
22. Rxc7 Bxc7 23. Qxd3 h4 24. Nf1 h3 25. gxh3 Qxh3 26. Qd4 Be5 27. Qa4 Qe6 28.
Bxe5 Qxe5 29. Qxa7 Qc7 30. Qa3 d4 31. Qa4 Rd8 32. exd4 Qf4 33. Re8+ Kg7 34. Rxd8
Qg5+ 35. Ng3 Qc1+ 36. Nf1 Qg5+ 37. Ng3 1/2-1/2

[Event "Reykjavik Open 2026"]
[Site "Reykjavik ISL"]
[Date "2026.03.31"]
[Round "9.21"]
[White "Sochacki, Christophe"]
[Black "Wang, Qibiao"]
[Result "1-0"]
[WhiteTitle "GM"]
[WhiteElo "2459"]
[BlackElo "2332"]
[WhiteFideId "662569"]
[BlackFideId "8604282"]
[EventDate "2026.03.25"]

1. Nf3 d5 2. c4 e6 3. e3 Nf6 4. Nc3 b6 5. b3 Bb7 6. Bb2 Nbd7 7. Qc2 a6 8. Be2
Bd6 9. d4 O-O 10. h3 Rc8 11. O-O Ne4 12. a4 f5 13. a5 Rf6 14. Nxe4 dxe4 15. Ne5
Bxe5 16. dxe5 Rg6 17. Bh5 Rh6 18. Qd1 Bc6 19. axb6 cxb6 20. Be2 Qg5 21. Qd6 Rxh3
22. Qxe6+ Kh8 23. Ba3 Rh6 24. Qe7 Qg6 25. Rfd1 Re8 26. Rxd7 Rxe7 27. Rxe7 Rh4
28. Rd1 h5 29. Rd6 Qg5 30. Rxc6 f4 31. Rc8+ Kh7 32. Rcc7 Kh6 33. Re6+ Kh7 34.
Bf8 f3 35. Bf1 1-0

[Event "Reykjavik Open 2026"]
[Site "Reykjavik ISL"]
[Date "2026.03.31"]
[Round "9.22"]
[White "Guo, Ethan"]
[Black "Garifullina, Leya"]
[Result "1-0"]
[WhiteTitle "FM"]
[BlackTitle "IM"]
[WhiteElo "2364"]
[BlackElo "2454"]
[WhiteFideId "30976359"]
[BlackFideId "34127035"]
[EventDate "2026.03.25"]

1. e4 c5 2. Nf3 d6 3. d4 cxd4 4. Nxd4 Nf6 5. Nc3 a6 6. Bg5 Nbd7 7. Bc4 Qb6 8.
Bb3 e6 9. Bxf6 Nxf6 10. Qd2 Bd7 11. O-O-O O-O-O 12. f4 g6 13. Kb1 Bh6 14. g3 Kb8
15. Rhf1 Bc8 16. Nf3 Bg7 17. h3 h6 18. g4 Qc7 19. a3 Qe7 20. Rfe1 Nh7 21. Re3 g5
22. f5 Rd7 23. Na4 h5 24. Nb6 Rdd8 25. Rd3 hxg4 26. hxg4 d5 27. fxe6 fxe6 28.
exd5 exd5 29. Nxc8 Rxc8 30. Bxd5 Nf6 31. Qxg5 Nxd5 32. Rxd5 Qc7 33. c3 Rhg8 34.
Rd7 Qc6 35. Rxg7 Rxg7 36. Qxg7 Qxf3 37. Qd4 Rf8 38. Rg1 Rg8 39. g5 Qf5+ 40. Ka1
Rg6 41. c4 Kc7 42. Qg4 Qc5 43. Qf4+ Kb6 44. Rg3 Ka7 45. Ka2 Ka8 46. Rg4 Ka7 47.
Qd2 Qf5 48. Qd4+ Kb8 49. Rg3 Kc7 50. Qh4 Kb8 51. Qh8+ Kc7 52. Qh7+ Kc6 53. Rb3
b6 54. Qa7 Qa5 55. Rd3 Qf5 56. Rd5 Qc8 57. a4 a5 58. Rb5 Qd8 59. c5 Qd5+ 60. Ka3
Qd3+ 61. Rb3 Qb1 62. Rxb6+ Kd5 63. Qf7+ Kxc5 64. Qxg6 Qa1+ 65. Kb3 Kd5 1-0

[Event "Reykjavik Open 2026"]
[Site "Reykjavik ISL"]
[Date "2026.03.31"]
[Round "9.23"]
[White "Siva, Mahadevan"]
[Black "Brzezina, Piotr"]
[Result "1/2-1/2"]
[WhiteTitle "IM"]
[BlackTitle "FM"]
[WhiteElo "2454"]
[BlackElo "2328"]
[WhiteFideId "25043153"]
[BlackFideId "21078874"]
[EventDate "2026.03.25"]

1. e4 c5 2. Nf3 d6 3. Bb5+ Nd7 4. O-O a6 5. Bd3 Ngf6 6. c3 b5 7. a4 Bb7 8. axb5
axb5 9. Rxa8 Qxa8 10. Bxb5 Bxe4 11. d4 Bxb1 12. dxc5 Be4 13. Re1 e6 14. Rxe4
Nxe4 15. c6 Ndc5 16. c7+ Ke7 17. Nd4 Qb7 18. c8=Q Qxc8 19. Nc6+ Kf6 20. Qf3+ Kg6
21. Qg4+ Kf6 22. Be3 Qb7 23. Qf3+ Kg6 24. Qg4+ Kf6 25. Qf3+ 1/2-1/2

[Event "Reykjavik Open 2026"]
[Site "Reykjavik ISL"]
[Date "2026.03.31"]
[Round "9.24"]
[White "Kukelko, Alexey"]
[Black "Tutisani, Noe"]
[Result "0-1"]
[WhiteTitle "FM"]
[BlackTitle "IM"]
[WhiteElo "2304"]
[BlackElo "2454"]
[WhiteFideId "14153084"]
[BlackFideId "13602853"]
[EventDate "2026.03.25"]

1. e4 c5 2. c3 Nf6 3. e5 Nd5 4. Nf3 d6 5. Bb5+ Bd7 6. Bc4 e6 7. d4 Nc6 8. exd6
Bxd6 9. O-O Nf6 10. Re1 O-O 11. dxc5 Bxc5 12. Bg5 Be7 13. Nbd2 Rc8 14. Qe2 h6
15. Bh4 Qb6 16. Rab1 Rfe8 17. Bb3 Na5 18. Ne5 Bb5 19. Qf3 Nxb3 20. axb3 Bc6 21.
Nxc6 Rxc6 22. Nc4 Qb5 23. Ne5 Rd6 24. b4 Qd5 25. Ra1 a6 26. Qe2 Qd2 27. Qf3 Qd5
28. Qe2 Qd2 29. Qf3 Rd5 30. Nc4 Qd3 31. Ne3 Rd7 32. Rad1 Qb5 33. Rxd7 Qxd7 34.
Rd1 Qb5 35. Ng4 Nxg4 36. Qxg4 Bxh4 37. Qxh4 Qe2 38. Qd4 Qxb2 39. Qd7 Rf8 40.
Qxb7 Qxc3 41. g3 a5 42. b5 a4 43. b6 a3 44. Qa7 Qb2 45. b7 a2 46. Qa8 Qb1 47.
Rf1 h5 48. h4 e5 49. Kg2 g6 50. Kg1 e4 51. Kg2 e3 52. fxe3 Qe4+ 53. Kf2 Rxa8 0-1

[Event "Reykjavik Open 2026"]
[Site "Reykjavik ISL"]
[Date "2026.03.31"]
[Round "9.25"]
[White "Makkar, Rajat"]
[Black "Krishay Jain"]
[Result "0-1"]
[WhiteTitle "IM"]
[WhiteElo "2418"]
[BlackElo "2097"]
[WhiteFideId "36016810"]
[BlackFideId "25129597"]
[EventDate "2026.03.25"]

1. Nf3 Nf6 2. c4 e6 3. g3 d5 4. Bg2 Be7 5. O-O O-O 6. d3 Nc6 7. cxd5 exd5 8. Bf4
d4 9. Ne5 Nxe5 10. Bxe5 c5 11. Qc2 Nd5 12. Na3 Be6 13. b3 g5 14. g4 Bxg4 15.
Rae1 Qd7 16. Nc4 Bh3 17. e4 Nb4 18. Qd2 b5 19. Nb2 Nxa2 20. Nd1 Nb4 21. f3 Bxg2
22. Kxg2 Qe6 23. Bg3 Qxb3 24. Bd6 Qe6 25. Bxe7 Qxe7 26. Nf2 Kh8 27. Kh1 f6 28.
f4 gxf4 29. Ng4 f5 30. exf5 Qg5 31. Rg1 Qxf5 32. Re5 Qxd3 33. Qg2 Qg6 34. Re7
Rae8 35. Rxa7 f3 36. Qf1 f2 37. Nxf2 Qc6+ 38. Rg2 c4 39. Qa1 Qd5 40. Nh3 Rg8 41.
Nf4 Qe4 42. Qf1 Nd3 43. Nxd3 Qxg2+ 44. Qxg2 Rxg2 45. Kxg2 cxd3 46. Rd7 Re4 47.
Kf3 d2 0-1

[Event "Reykjavik Open 2026"]
[Site "Reykjavik ISL"]
[Date "2026.03.31"]
[Round "9.26"]
[White "Suleymenov, Alisher"]
[Black "Liu, Bei"]
[Result "1-0"]
[WhiteTitle "GM"]
[WhiteElo "2523"]
[BlackElo "1963"]
[WhiteFideId "13707833"]
[BlackFideId "8603596"]
[EventDate "2026.03.25"]

1. d4 d5 2. c4 e6 3. Nf3 Nf6 4. g3 Be7 5. Bg2 O-O 6. O-O dxc4 7. Qc2 a6 8. a4
Bd7 9. Qxc4 Bc6 10. Bg5 Bd5 11. Qc2 Be4 12. Qc1 Nbd7 13. Nc3 Bc6 14. Qc2 h6 15.
Bxf6 Nxf6 16. a5 b5 17. Rfd1 Qb8 18. e4 Bb7 19. d5 b4 20. Na4 exd5 21. e5 Ne4
22. Rac1 Qa7 23. Nd4 c5 24. Bxe4 cxd4 25. Bf5 f6 26. Qc7 Bd8 27. Qd7 fxe5 28.
Nc5 Bg5 29. Nxb7 Bxc1 30. Rxc1 Rxf5 31. Rc7 Rg5 32. h4 Rg6 33. Nd6 Qxc7 34. Qxc7
Rf8 35. Qc5 Rgf6 36. Qxd5+ Kh8 37. Ne4 Rf5 38. Qd6 1-0

[Event "Reykjavik Open 2026"]
[Site "Reykjavik ISL"]
[Date "2026.03.31"]
[Round "9.27"]
[White "Lyutsinger, Iren"]
[Black "Chasin, Nico"]
[Result "1-0"]
[WhiteTitle "FM"]
[BlackTitle "IM"]
[WhiteElo "2182"]
[BlackElo "2523"]
[WhiteFideId "34425969"]
[BlackFideId "30908477"]
[EventDate "2026.03.25"]

1. d4 Nf6 2. c4 e6 3. Nc3 d5 4. cxd5 exd5 5. Bg5 Bb4 6. e3 h6 7. Bh4 g5 8. Bg3
h5 9. h3 Ne4 10. Ne2 Nxg3 11. Nxg3 h4 12. Nh5 c6 13. Bd3 Rg8 14. g4 hxg3 15.
fxg3 Be6 16. O-O Nd7 17. Bh7 Rh8 18. Ng7+ Ke7 19. Qh5 Kd6 20. Nxe6 fxe6 21. Rf7
Kc7 22. Raf1 1-0

[Event "Reykjavik Open 2026"]
[Site "Reykjavik ISL"]
[Date "2026.03.31"]
[Round "9.28"]
[White "Lavrencic, Matic"]
[Black "Marie, Maxime"]
[Result "1-0"]
[WhiteTitle "IM"]
[BlackTitle "CM"]
[WhiteElo "2472"]
[BlackElo "2193"]
[WhiteFideId "14637847"]
[BlackFideId "625590"]
[EventDate "2026.03.25"]

1. e4 e6 2. d4 d5 3. e5 c5 4. c3 Nc6 5. Nf3 Bd7 6. Be2 f6 7. O-O fxe5 8. dxe5
Qc7 9. Re1 O-O-O 10. Bf1 h6 11. a4 Nge7 12. Na3 a6 13. b4 g5 14. b5 Nb8 15. Rb1
Bg7 16. b6 Qc6 17. Nb5 axb5 18. Bxb5 Rdf8 19. Ba3 Na6 20. Nd4 cxd4 21. Bxe7 Rf7
22. Bxc6 Bxc6 23. Bd6 h5 24. cxd4 Kd7 25. Qd3 Rf5 26. Rec1 Rc8 27. Qxa6 bxa6 28.
b7 Re8 29. Rb6 Bf8 30. Rbxc6 Bxd6 31. Rxd6+ Ke7 32. Rc7+ Kf8 33. Rc8 1-0

[Event "Reykjavik Open 2026"]
[Site "Reykjavik ISL"]
[Date "2026.03.31"]
[Round "9.29"]
[White "Jonsson, Gauti Pall"]
[Black "Panchanathan, Magesh Chandran"]
[Result "1/2-1/2"]
[BlackTitle "GM"]
[WhiteElo "2154"]
[BlackElo "2440"]
[WhiteFideId "2309092"]
[BlackFideId "5007429"]
[EventDate "2026.03.25"]

1. e4 e5 2. Nf3 d6 3. d4 exd4 4. Nxd4 Nf6 5. Nc3 Be7 6. Bf4 O-O 7. Qd2 Nc6 8.
O-O-O Nxd4 9. Qxd4 a6 10. f3 b5 11. g4 c5 12. Qe3 b4 13. Nd5 Nxd5 14. Rxd5 Be6
15. Bc4 Bxd5 16. Bxd5 Rc8 17. g5 Kh8 18. h4 f5 19. exf5 Rxf5 20. Be6 Qf8 21.
Bxc8 Rxf4 22. Re1 Rxf3 23. Qxe7 Qxc8 24. Qxd6 Rf8 25. b3 Qf5 26. Re5 Qf4+ 27.
Kb2 Rg8 28. h5 c4 29. bxc4 Qxc4 30. Rc5 Qe4 31. Qe5 Qxe5+ 32. Rxe5 Rc8 33. Kb3
Kg8 34. g6 hxg6 35. hxg6 Kf8 36. Rf5+ Ke8 37. Rf7 a5 38. Rxg7 Rc3+ 39. Kb2 Rc5
40. Ra7 Kf8 41. Rf7+ Kg8 42. Rf3 Kg7 43. Rg3 Re5 44. a3 bxa3+ 45. Kxa3 Re4 46.
Rg5 a4 47. Rc5 Kxg6 48. c4 Kf6 49. Kxa4 Ke7 50. Kb5 Kd7 51. Kb6 Re1 52. Rc7+ Kd8
53. c5 Rc1 54. Rh7 Kc8 55. Kc6 Kb8 56. Rh8+ Ka7 57. Rc8 Rh1 58. Rd8 Rc1 59. Rd5
Kb8 60. Kd7 Kb7 61. Kd6 Rh1 62. Rd2 Rh6+ 63. Kd5 Kc7 64. Rg2 Rh5+ 65. Kc4 Rh1
66. Rg7+ Kc6 67. Rg6+ Kc7 68. Rg7+ 1/2-1/2

[Event "Reykjavik Open 2026"]
[Site "Reykjavik ISL"]
[Date "2026.03.31"]
[Round "9.30"]
[White "Injac, Teodora"]
[Black "Li, Harry"]
[Result "1-0"]
[WhiteTitle "IM"]
[WhiteElo "2417"]
[BlackElo "2181"]
[WhiteFideId "932400"]
[BlackFideId "430145"]
[EventDate "2026.03.25"]

1. e4 e5 2. Nf3 Nc6 3. Bc4 Nf6 4. d3 Bc5 5. O-O d6 6. c3 a5 7. Re1 O-O 8. h3 h6
9. Nbd2 a4 10. Bb5 Bd7 11. Nf1 Ne7 12. Bxd7 Nxd7 13. Qc2 Bb6 14. d4 exd4 15.
cxd4 c5 16. Bf4 cxd4 17. Bxd6 Re8 18. Rad1 Nc6 19. Ng3 Nde5 20. Bxe5 Nxe5 21.
Nxe5 Rxe5 22. a3 g6 23. Ne2 Kg7 24. Nf4 Rb5 25. Rd3 Rc8 26. Qe2 Rbc5 27. Rg3
R8c6 28. e5 Ba5 29. Rd1 Bc7 30. Nd3 Rc2 31. Qe4 Qd7 32. h4 f5 33. Qf3 Kh7 34.
Re1 Bd8 35. h5 Bg5 36. hxg6+ Kg7 37. Qh5 Qe7 38. Rf1 f4 39. Rg4 Rd2 40. Qh3 Rxg6
41. Nxf4 Bxf4 42. Rxf4 Qe6 43. Qf3 Qb3 44. Qe4 Qxb2 45. Qf5 Kh7 46. Rg4 1-0

[Event "Reykjavik Open 2026"]
[Site "Reykjavik ISL"]
[Date "2026.03.31"]
[Round "9.31"]
[White "Griffith, Kyron"]
[Black "Burg, Brent"]
[Result "1-0"]
[WhiteTitle "IM"]
[WhiteElo "2415"]
[BlackElo "2169"]
[WhiteFideId "2046318"]
[BlackFideId "1019465"]
[EventDate "2026.03.25"]

1. e4 d6 2. d4 Nf6 3. Nc3 Nbd7 4. f4 e5 5. Be3 c6 6. Qf3 Qa5 7. O-O-O Be7 8. Kb1
O-O 9. dxe5 dxe5 10. f5 b5 11. g4 b4 12. Nce2 Nc5 13. Bxc5 Qxc5 14. g5 Ne8 15.
h4 Ba6 16. Nc1 Bxf1 17. Rxf1 Nd6 18. f6 Bd8 19. Nge2 Nc4 20. Nb3 Qe3 21. Qg4 a5
22. fxg7 Kxg7 23. Ng3 Qa7 24. Nf5+ Kh8 25. h5 Ne3 26. Nxe3 Qxe3 27. g6 Qg5 28.
Qd7 Qe7 29. Qxc6 Rb8 30. Rhg1 fxg6 31. Rxf8+ Qxf8 32. hxg6 Bf6 33. Rf1 1-0

[Event "Reykjavik Open 2026"]
[Site "Reykjavik ISL"]
[Date "2026.03.31"]
[Round "9.32"]
[White "Kurmann, Oliver"]
[Black "Zhang, Xiao"]
[Result "0-1"]
[WhiteTitle "IM"]
[BlackTitle "WIM"]
[WhiteElo "2382"]
[BlackElo "2164"]
[WhiteFideId "1308173"]
[BlackFideId "8610894"]
[EventDate "2026.03.25"]

1. c4 e6 2. g3 d5 3. Bg2 Nf6 4. Nf3 dxc4 5. Qa4+ Bd7 6. Qxc4 c5 7. Ne5 Qc8 8.
Qd3 Nc6 9. Nxd7 Nxd7 10. Nc3 Be7 11. b3 O-O 12. Bb2 Rd8 13. Rd1 Nde5 14. Qb1 Nd4
15. Qe4 f5 16. Qb1 g5 17. h3 Kf7 18. Kf1 Bf6 19. Rg1 Qc7 20. g4 Qd7 21. gxf5
exf5 22. Nd5 Qe6 23. Bxd4 cxd4 24. Nc7 Qd7 25. Nxa8 d3 26. e3 Rxa8 27. Rc1 f4
28. Ke1 fxe3 29. fxe3 g4 30. Rc5 gxh3 31. Be4 h2 32. Rf1 Qg4 33. Bxd3 Nf3+ 34.
Kd1 Ng1+ 35. Kc2 h1=Q 36. Rxf6+ Kxf6 37. Qb2+ Kf7 38. Rc7+ Ke6 39. Bc4+ Kd6 40.
Qf6+ Kxc7 41. Qe5+ Kd7 42. Bb5+ Qc6+ 0-1

[Event "Reykjavik Open 2026"]
[Site "Reykjavik ISL"]
[Date "2026.03.31"]
[Round "9.33"]
[White "Erdmann, Stefan"]
[Black "Belkaid, Sohan"]
[Result "0-1"]
[BlackTitle "FM"]
[WhiteElo "2097"]
[BlackElo "2379"]
[WhiteFideId "4663470"]
[BlackFideId "45180350"]
[EventDate "2026.03.25"]

1. d4 Nf6 2. Nf3 g6 3. c4 Bg7 4. g3 d6 5. Bg2 O-O 6. Nc3 Re8 7. O-O Bd7 8. e4 e5
9. d5 a5 10. Ne1 Na6 11. Nd3 b6 12. f4 exf4 13. gxf4 Ng4 14. Nf2 Nxf2 15. Rxf2
Nc5 16. Be3 f5 17. e5 dxe5 18. Bxc5 bxc5 19. d6 e4 20. Qd5+ Be6 21. Qxc5 cxd6 0-1

[Event "Reykjavik Open 2026"]
[Site "Reykjavik ISL"]
[Date "2026.03.31"]
[Round "9.34"]
[White "Thorfinnsson, Bragi"]
[Black "Bech, Havard Eriksen"]
[Result "1-0"]
[WhiteTitle "GM"]
[WhiteElo "2377"]
[BlackElo "2161"]
[WhiteFideId "2300958"]
[BlackFideId "1564684"]
[EventDate "2026.03.25"]

1. Nf3 c5 2. b3 d5 3. e3 Nf6 4. Bb2 Nc6 5. Bb5 Bd7 6. O-O a6 7. Bxc6 Bxc6 8. Ne5
Rc8 9. d3 g6 10. Nd2 Bg7 11. f4 O-O 12. Qe2 Nd7 13. Nxc6 Rxc6 14. Bxg7 Kxg7 15.
e4 dxe4 16. dxe4 Nf6 17. Rad1 Qd4+ 18. Kh1 e6 19. e5 Nd5 20. Nc4 Qc3 21. Rd3 Qb4
22. f5 1-0

[Event "Reykjavik Open 2026"]
[Site "Reykjavik ISL"]
[Date "2026.03.31"]
[Round "9.35"]
[White "Tang, Zoey"]
[Black "Liang, Hairan"]
[Result "0-1"]
[WhiteTitle "FM"]
[BlackTitle "CM"]
[WhiteElo "2366"]
[BlackElo "2150"]
[WhiteFideId "30952530"]
[BlackFideId "2620278"]
[EventDate "2026.03.25"]

1. d4 Nf6 2. c4 e6 3. Nf3 Bb4+ 4. Nbd2 a5 5. a3 Be7 6. e4 d5 7. e5 Nfd7 8. cxd5
exd5 9. Bd3 c5 10. O-O O-O 11. Re1 Nc6 12. Bc2 Qb6 13. Nf1 cxd4 14. Ng3 Re8 15.
Nf5 Bf8 16. Bf4 Nc5 17. N3xd4 Ne4 18. Be3 Nxe5 19. f3 Nf6 20. Nb3 Qc7 21. Bd4
Bd7 22. Rc1 Bc6 23. Qd2 Ng6 24. Qc3 Re6 25. Nxg7 Bxg7 26. Rxe6 fxe6 27. Bxf6 a4
28. Nc5 Qf4 29. Bxg7 Qxc1+ 30. Kf2 Re8 31. h4 e5 32. Bf6 Bb5 33. Ne4 Qf1+ 34.
Kg3 Nf4 35. Qd2 Be2 36. Bxe5 Qxg2+ 37. Kxf4 Qxf3+ 0-1

[Event "Reykjavik Open 2026"]
[Site "Reykjavik ISL"]
[Date "2026.03.31"]
[Round "9.36"]
[White "Dijkstra, Matthijs"]
[Black "Domalchuk-Jonasson, Aleksandr"]
[Result "0-1"]
[BlackTitle "IM"]
[WhiteElo "2032"]
[BlackElo "2362"]
[WhiteFideId "1046985"]
[BlackFideId "14142805"]
[EventDate "2026.03.25"]

1. c4 b6 2. Nf3 Bb7 3. Nc3 Nf6 4. b3 g6 5. Bb2 Bg7 6. d4 O-O 7. e3 c5 8. dxc5
bxc5 9. Be2 Ne4 10. Nxe4 Bxb2 11. Rb1 Qa5+ 12. Ned2 Bg7 13. a4 Nc6 14. O-O Nb4
15. Ne1 Na2 16. Ndf3 Nc3 17. Qd2 Qb4 18. Nc2 Nxb1 19. Qxb4 cxb4 20. Rxb1 Be4 21.
Bd1 Bc3 22. Nfd4 d5 23. cxd5 Bxd4 24. exd4 Rac8 25. Rb2 Bxc2 26. Bxc2 Rfd8 27.
Be4 Rc1# 0-1

[Event "Reykjavik Open 2026"]
[Site "Reykjavik ISL"]
[Date "2026.03.31"]
[Round "9.37"]
[White "Singh, Siddharth"]
[Black "Brodtkorb, Lars Johan"]
[Result "1/2-1/2"]
[WhiteElo "2342"]
[BlackElo "2118"]
[WhiteFideId "39907023"]
[BlackFideId "1522728"]
[EventDate "2026.03.25"]

1. Nf3 Nf6 2. b3 g6 3. Bb2 Bg7 4. g3 O-O 5. Bg2 c6 6. O-O d6 7. d4 Qa5 8. c4 Bf5
9. Nfd2 d5 10. Nc3 Rd8 11. a3 Qa6 12. a4 Qb6 13. e3 Bd3 14. Re1 dxc4 15. a5 Qa6
16. bxc4 Bxc4 17. Qa4 Be6 18. Bf1 b5 19. axb6 Qxb6 20. Ba3 Qc7 21. Rec1 Bf8 22.
Bg2 a5 23. Rab1 Qc8 24. Nc4 Bxc4 25. Qxc4 e6 26. Bxf8 Rxf8 27. Na4 Nfd7 28. h4
Ra7 29. Qc3 Qd8 30. Qa3 Re8 31. Nc5 Qe7 32. Qa4 Nf6 33. Bxc6 Nxc6 34. Qxc6 Kg7
35. Ra1 Rb8 36. Rcb1 Rxb1+ 37. Rxb1 h5 38. Ra1 Qe8 39. Qb6 Qa8 40. Ra4 Nd5 41.
Qd6 Nf6 42. Qe5 Qf3 43. Ra2 Qd5 44. Qxd5 Nxd5 45. Kf1 Kf8 46. Ke1 Ke7 47. Kd2
Nb4 48. Ra4 Nc6 49. Kc3 Kd6 50. Kc4 Ra8 51. Ne4+ Kc7 52. Ng5 Kb6 53. Nxf7 Rf8
54. Ng5 Rxf2 55. Nxe6 Nb4 56. Ra3 Rc2+ 57. Rc3 Rxc3+ 58. Kxc3 Nd5+ 59. Kd3 a4
60. Nf4 Nb4+ 61. Kc3 a3 62. Kb3 a2 63. Kb2 a1=Q+ 64. Kxa1 Nc2+ 65. Kb2 Nxe3 66.
Nxg6 Nf5 67. Kc3 Nxg3 68. Kd3 Kb5 69. Ne5 Nf5 70. Nf3 Nd6 71. Ke3 Kc4 72. Kf4
Kd5 73. Kg5 Ke4 74. Kxh5 Kxf3 75. Kg6 Ke4 76. h5 Nf5 77. Kf6 Nh6 78. Kg6 Nf5 79.
d5 Ke5 80. Kg5 Nd6 81. Kg6 Nf5 82. d6 Nxd6 83. h6 Ke6 84. h7 Nf7 85. Kg7 Ke7 86.
h8=N Nxh8 1/2-1/2

[Event "Reykjavik Open 2026"]
[Site "Reykjavik ISL"]
[Date "2026.03.31"]
[Round "9.38"]
[White "Holinka, Henning"]
[Black "Marsh, James J"]
[Result "1-0"]
[WhiteTitle "FM"]
[WhiteElo "2324"]
[BlackElo "2096"]
[WhiteFideId "12967084"]
[BlackFideId "30975751"]
[EventDate "2026.03.25"]

1. e4 e5 2. Nf3 Nc6 3. Bc4 Nf6 4. d3 Bc5 5. O-O a6 6. a4 d6 7. c3 Ba7 8. Nbd2
O-O 9. h3 Re8 10. Re1 Be6 11. Bxe6 Rxe6 12. b4 d5 13. Bb2 Nh5 14. exd5 Qxd5 15.
c4 Qxd3 16. Ra3 Qf5 17. g4 Qg6 18. Nxe5 Nxe5 19. Rxe5 Nf4 20. Qf3 Qc2 21. Qxf4
Qxb2 22. Rf3 Rf6 23. Qe4 Qxb4 24. Rxf6 gxf6 25. Rd5 Qxa4 26. Qf5 Qa1+ 27. Kg2
Re8 28. Ne4 Re6 29. g5 Bd4 30. Rd8+ Kg7 31. Ng3 fxg5 32. Qxg5+ Rg6 33. Nf5# 1-0

[Event "Reykjavik Open 2026"]
[Site "Reykjavik ISL"]
[Date "2026.03.31"]
[Round "9.39"]
[White "Sayce, Hannah"]
[Black "Mensing, Adrian"]
[Result "1/2-1/2"]
[WhiteTitle "WCM"]
[WhiteElo "1889"]
[BlackElo "2044"]
[WhiteFideId "3250695"]
[BlackFideId "1043293"]
[EventDate "2026.03.25"]

1. e4 c5 2. Nf3 d6 3. d4 cxd4 4. Nxd4 Nf6 5. Nc3 a6 6. h3 e5 7. Nb3 Be7 8. Be3
h6 9. Qd2 Qc7 10. O-O-O b5 11. a3 Be6 12. Nd5 Nxd5 13. exd5 Bf5 14. Bd3 Bxd3 15.
Qxd3 Nd7 16. g4 O-O 17. g5 Bxg5 18. Bxg5 hxg5 19. Rdg1 Qc4 20. Qd2 Qf4 21. Rxg5
Qxd2+ 22. Nxd2 f5 23. Rhg1 Rf7 24. Nf3 Nb6 25. Nh4 Nxd5 26. Nxf5 Kf8 27. Nxd6
Nf4 28. Rxe5 Rf6 29. Nf5 Rc8 30. Kb1 g6 31. Nd4 Rc4 32. c3 Nxh3 33. Rh1 Nxf2 34.
Rf1 Kf7 35. Rd5 Rc7 36. Kc2 Re7 37. a4 bxa4 38. Ra5 Ne4 39. Rxf6+ Nxf6 40. Rxa6
a3 41. Rxa3 g5 42. c4 Re4 43. Kd3 Re1 44. Nf3 Rb1 45. Kc2 Rf1 46. Nxg5+ Ke7 47.
Rd3 Rf5 48. Nf3 Nd7 49. b4 Kd8 50. Kc3 Kc7 51. Nd4 Rf1 52. Nb5+ Kc8 53. Re3 Nb6
54. Nd6+ Kd7 55. Rd3 Kc6 56. b5+ Kc7 57. Kb4 Rb1+ 58. Kc5 Nd7+ 59. Kd5 Nb6+ 60.
Ke4 Nxc4 61. Nxc4 Rxb5 62. Ne5 Kb6 63. Rc3 Rb4+ 64. Kd5 Rb5+ 65. Kd6 Rb1 66.
Nd7+ Kb5 67. Kc7 Kb4 68. Rc6 Rh1 69. Kb6 Rh5 70. Nc5 Kc4 71. Ne6+ Kb4 72. Nc5
Kc4 73. Na6+ Kd4 74. Nc7 Rh1 75. Nb5+ Kd5 76. Rc5+ Ke4 77. Ka5 Rh8 78. Kb4 Ra8
79. Kc4 Ra4+ 80. Kc3 Ra6 81. Nd4 Ra8 82. Nb3 Rd8 83. Nd2+ Kf4 84. Rc4+ Ke5 85.
Re4+ Kf5 86. Re3 Kf4 87. Rf3+ Ke5 88. Nc4+ Ke4 89. Re3+ Kf4 1/2-1/2

[Event "Reykjavik Open 2026"]
[Site "Reykjavik ISL"]
[Date "2026.03.31"]
[Round "9.40"]
[White "Kadovic, Tamara"]
[Black "Beyer, Nico"]
[Result "1-0"]
[WhiteElo "1602"]
[BlackElo "1668"]
[WhiteFideId "16512065"]
[BlackFideId "34671080"]
[EventDate "2026.03.25"]

1. e4 c5 2. c3 Nf6 3. e5 Nd5 4. d4 cxd4 5. cxd4 d6 6. Nf3 Nc6 7. Bc4 Nb6 8. Bb3
dxe5 9. d5 Nb8 10. Nxe5 N8d7 11. Nf3 Nf6 12. Nc3 Bg4 13. O-O Qd7 14. Be3 O-O-O
15. Bxb6 axb6 16. Rc1 Kb8 17. Qd3 e6 18. Ne5 Qc7 19. Nxg4 Nxg4 20. Qh3 h5 21.
dxe6 fxe6 22. Bxe6 Bd6 23. g3 Nxh2 24. Qxh2 Qe7 25. Bh3 h4 26. Qg2 hxg3 27. Rfd1
gxf2+ 28. Kf1 Qh4 29. Ne4 Bf4 30. Rxd8+ Rxd8 31. Rb1 Be3 32. Qg3+ Qxg3 33. Nxg3
Rh8 34. Bg2 Rd8 35. Nf5 Bc5 36. Nxg7 Rd2 37. Ne6 Bd6 38. Ng5 Be7 39. Ne4 Rd4 40.
Kxf2 Bh4+ 41. Ke2 Ra4 42. Nc3 Rg4 43. Bf3 Rg5 44. Rh1 Re5+ 45. Be4 Be7 46. Rh7
Bd6 47. Rxb7+ Kc8 48. Rxb6 Bc5 49. Rb5 1-0